ბათუმის შოთა რუსთაველის სახელმწიფო უნივერსიტეტის ბიბლიოთეკა

Экономическая социология : (ბიბ.ჩანაწერი № 49171)

000 -LEADER
fixed length control field 00849nam a2200253Ia 4500
001 - CONTROL NUMBER
control field 16082
003 - CONTROL NUMBER IDENTIFIER
control field GE_BSU
005 - DATE AND TIME OF LATEST TRANSACTION
control field 20241209132031.0
008 - FIXED-LENGTH DATA ELEMENTS--GENERAL INFORMATION
fixed length control field 181216s1998||||ru |||||||||||||| ||rus||
020 ## - INTERNATIONAL STANDARD BOOK NUMBER
International Standard Book Number 5756701958
040 ## - CATALOGING SOURCE
Transcribing agency GE_BSU
041 ## - LANGUAGE CODE
Language code of text/sound track or separate title rus
080 ## - UNIVERSAL DECIMAL CLASSIFICATION NUMBER
Universal Decimal Classification number 316(042.4) Р-12
100 ## - MAIN ENTRY--PERSONAL NAME
Personal name Радаев, В. В.
9 (RLIN) 23911
245 ## - TITLE STATEMENT
Title Экономическая социология :
Remainder of title Курс лекции /
Statement of responsibility, etc. В. В. Радаев ; Ред. : А. Г. Гридчина.
264 ## - PRODUCTION, PUBLICATION, DISTRIBUTION, MANUFACTURE, AND COPYRIGHT NOTICE
Place of production, publication, distribution, manufacture Москва :
Name of producer, publisher, distributor, manufacturer Аспект пресс,
Date of production, publication, distribution, manufacture, or copyright notice 1998.
300 ## - PHYSICAL DESCRIPTION
Extent 368 стр.
500 ## - GENERAL NOTE
General note (Программа учебного курса)
500 ## - GENERAL NOTE
General note Библиогр. стр. 343
653 ## - INDEX TERM--UNCONTROLLED
keyword Курс лекции
653 ## - INDEX TERM--UNCONTROLLED
keyword Экономическая социология
653 ## - INDEX TERM--UNCONTROLLED
keyword სოციოლოგია
942 ## - ADDED ENTRY ELEMENTS (KOHA)
Koha item type წიგნი
Source of classification or shelving scheme
ეგზემპლარები
Withdrawn status Lost status Source of classification or shelving scheme Damaged status Not for loan Permanent Location Current Location Shelving location Date acquired Full call number Barcode Date last seen Copy number Price effective from Koha item type
          ბათუმის შოთა რუსთაველის სახელმწიფო უნივერსიტეტის მთავარი ბიბლიოთეკა ბათუმის შოთა რუსთაველის სახელმწიფო უნივერსიტეტის მთავარი ბიბლიოთეკა წიგნსაცავი 2018-12-17 316(042.4) Р-12 27511 2018-12-17 27511 2018-12-17 წიგნი